000 01017nam a2200301 4500
001 0000018333
003 CO-CtgCURN
005 20250329191006.0
007 ta
008 160627s2000 000 0 eng d
020 _a9586482170
040 _aCO-CtgCURN
_bspa
_ccoctgcurn
082 0 _a658
_bP926
245 0 0 _aPresupuesto publico y tesoreria :
_bnormas comentadas /
_ccompilado por Carlos Pachon Lucas.
260 _aBogotá :
_bEcoe Ediciones,
_c2000.
300 _a135 p.
336 _2rdacontent
337 _2rdamedia
_asin mediacion
_bn
338 _2rdacarrier
_avolumen
_bnc
490 1 _aColección textos universitarios
500 _aIncluye indice.
505 8 _aLa planeacion publica de Colombia.--Presupuesto.--Credito publico.--Tesoreria.--Racionalizacion del gasto
650 1 4 _aPresupuesto nacional
_zColombia.
700 1 _aPachon Lucas, Carlos, comp.
908 _a160627
942 _cBK
_h658
_iP926
_2ddc
999 _c10500
_d10500